Statistiques concernant Mots en W par définition

Cliquez ici pour prendre le quiz!

Statistiques générales

  • Ce quiz a été pris 136 fois
  • Le résultat moyen est 10 sur 16

Statistiques - réponses

GenreDéfinitionMot% Correct
Nom MasculinVéhicule ferroviaire remorqué, destiné au transport des marchandises ou des animaux, par opposition à voiture ; son contenu.Wagon
93%
Nom MasculinGrande poêle en fer à fond semi-sphérique et à deux anses utilisée dans la cuisine chinoise.Wok
90%
Nom MasculinUnité SI de puissance (symbole W), équivalant au transfert uniforme d'une énergie de 1 joule par seconde.Watt
89%
Nom MasculinCondiment de couleur verte au goût piquant.Wasabi
86%
Nom MasculinFilm dont l'action se situe dans le Far West américain et qui illustre certains épisodes de la conquête des terres de l'Ouest sur les Indiens.Western
84%
Nom MasculinEau-de-vie originaire d'Écosse, provenant de la distillation de moûts préparés par saccharification des céréales au moyen de malt.Whisky
82%
Nom MasculinGrand cerf des plaines d'Amérique du Nord, très proche du cerf européen.Wapiti
79%
Nom FémininCaméra numérique miniaturisée destinée à enregistrer et à diffuser, généralement en direct, des images animées sur un site Internet.Webcam
79%
Nom MasculinSite Web collaboratif dont le contenu peut être modifié par les internautes autorisés.Wiki
66%
Nom FémininFusil américain à répétition, qui fut employé pendant la guerre de Sécession. Calibre 10,7 mm.Winchester
64%
Nom MasculinPetit marsupial herbivore australien, voisin du kangourou. Ils sont répartis en sept genres.Wallaby
54%
InterjectionExprime la surprise mêlée d'admiration.Waouh
52%
Nom FémininChaîne de radiodiffusion sonore dont les programmes sont diffusés sur Internet.Webradio
43%
Nom MasculinSport dans lequel le pratiquant, relié par une corde à un bateau à moteur qui le tracte, glisse sur l'eau en se maintenant sur une planche et en effectuant des figures acrobatiques.Wakeboard
28%
Nom Masculin InvariableEnsemble d’arts martiaux et de gymnastiques traditionnelles d’origine chinoise (kung-fu, qi gong, tai-chi-chuan, etc.), qui peuvent se pratiquer à main nue ou avec une arme.Wushu
3%
Nom FémininRace de poules d'origine américaine, bonne pondeuse.Wyandotte
0%

Distribution des résultats

Percentile par nombre de réponses

% des personnes avec chaque résultat

Votre développement - résultats

Vous n’avez pas pris ce quiz